| 000 | 00000nam 2200000zi 4500 |
| 001 | 9.934734 |
| 003 | CaOODSP |
| 005 | 20240501093236 |
| 006 | m o d f |
| 007 | cr |n||||||||| |
| 008 | 240229s2001 onc ob f|0| 0 fre d |
| 020 | |z0662865529 |
| 040 | |aCaOODSP|bfre|erda|cCaOODSP |
| 043 | |an-cn--- |
| 086 | 1 |aJS82-100/2000F-PDF|zJS82-100/2000F |
| 245 | 00|aCompendium 2000 des programmes correctionnels efficaces / |crédacteurs : Laurence L. Motiuk, Ralph C. Serin. |
| 264 | 1|a[Ottawa] : |bService correctionnel Canada = Correctional Service Canada, |c2001. |
| 300 | |a1 ressource en ligne (263 pages) |
| 336 | |atexte|btxt|2rdacontent/fre |
| 337 | |ainformatique|bc|2rdamedia/fre |
| 338 | |aressource en ligne|bcr|2rdacarrier/fre |
| 500 | |aPublié aussi en anglais sous le titre : Compendium 2000 on effective correctional programming. |
| 500 | |aVolume 1 seulement. |
| 504 | |aComprend des références bibliographiques. |
| 505 | 1 |aVol. 1 : 1re part. Contribuer aux programmes correctionnels efficaces -- 2e part. Programmes correctionnels et interventions -- 3e part. EĢvaluation. |
| 650 | 6|aRéhabilitation|zCanada. |
| 650 | 6|aPrisonniers|xÉducation|zCanada. |
| 650 | 6|aÉtablissements de correction|zCanada|xÉvaluation. |
| 700 | 1 |aMotiuk, Laurence L. |q(Laurence Louis), |d1954- |
| 710 | 2 |aService correctionnel Canada, |eorganisme de publication. |
| 775 | 08|tCompendium 2000 on effective programming / |w(CaOODSP)9.934726 |
| 794 | |tCompendium 2000 des programmes correctionnels efficaces : |bvolume 2|w(CaOODSP)9.937469 |
| 856 | 40|qPDF|s10.64 Mo|uhttps://publications.gc.ca/collections/collection_2024/scc-csc/JS82-100-2000-fra.pdf |